Statistiques concernant Joueurs célèbres de l'AJ Auxerre

Cliquez ici pour prendre le quiz!

Statistiques générales

  • Ce quiz a été pris 213 fois
  • Le résultat moyen est 14 sur 39

Statistiques - réponses

PostePériodePaysJoueur% Correct
Attaquant1999/2004FranceDjibril Cissé
91%
Défenseur1995/1996FranceLaurent Blanc
72%
Gardien1987/1998FranceLionel Charbonnier
65%
Attaquant1983/1988FranceEric Cantona
63%
Défenseur1999/2004FrancePhilippe Mexès
61%
Gardien1992/2007FranceFabien Cool
59%
Attaquant1995/1998 1999/2001FranceStéphane Guivarc'h
57%
Milieu2006/2011FranceBenoit Pedretti
52%
Défenseur2000/2004FranceJean-Alain Boumsong
47%
Défenseur1983/1990FranceBasile Boli
45%
Gardien1981/1995FranceBruno Martini
45%
Attaquant1992/2000FranceBernard Diomède
41%
Gardien1980/1985FranceJoël Bats
40%
Défenseur2002/2012SuisseStéphane Grichting
37%
Milieu1989/1991BelgiqueVincenzo Scifo
36%
Milieu1993/1998 2001/2006FranceYann Lachuer
35%
Attaquant1992/1997FranceLilian Laslandes
34%
Attaquant1985/1995FrancePascal Vahirua
34%
Défenseur1993/1997NigériaTaribo West
33%
Défenseur2004/2007FranceBacary Sagna
32%
Milieu1994/1998FranceSabri Lamouchi
31%
Milieu1991/1996FranceCorentin Martins
30%
Attaquant1980/1985PologneAndrzej Szarmach
29%
Milieu2000/2007 2016/2017FranceLionel Mathis
29%
Attaquant1987/1996FranceChristophe Cocard
27%
Milieu1993/1997FrancePhilippe Violeau
26%
Défenseur1996/2008FranceJean-Sébastien Jaurès
25%
Milieu1992/1997AlgérieMoussa Saïb
24%
Défenseur1996/2007FranceJohan Radet
23%
Défenseur1992/1995Pays-BasFrank Verlaat
22%
Défenseur1984/1993FranceWilliam Prunier
16%
Défenseur1990/1998FranceAlain Goma
14%
Attaquant1991/1995 1998/1999FranceGérald Baticle
14%
Défenseur1993/1998MadagascarFranck Rabarivony
13%
Défenseur1989/1995FranceStéphane Mahé
13%
Milieu1982/1993FranceDaniel Dutuel
11%
Défenseur1993/1998FranceFranck Silvestre
11%
Défenseur1990/1992FranceAlain Roche
9%
Milieu1975/1985FranceDominique Cuperly
5%

Distribution des résultats

Percentile par nombre de réponses

% des personnes avec chaque résultat

Votre développement - résultats

Vous n’avez pas pris ce quiz